01016nam a22001817a 4500008004100000020001800041020001500059050001300074100001500087245008200102260005100184300005700235500002000292505042200312650003800734650004100772700002100813140325b xxu||||| |||| 00| 0 eng d a9780735623019 a0735623015 aT385.C87 aCox, Joyce aMicrosoft Office PowerPoint 2007: step by step. /cJoyce Cox, Joan Preppernau aRedmond, Washington:bMiicrosoft Press,c2007. alxiii, 298 p. :bill.;e1 CD-ROM [Inside back cover] aIncludes index  aContents: Exploring Powerpoint 2007 -- Starting a new presentation -- Working with slide text -- Adjusting the layout, order, & look of slides -- Adding tables, charts, & diagrams -- Enhancing slides with graphics -- Adding animation, sound, & movies -- Reviewing & sharing a presentation -- Creating your own presentation electronically -- Setting up a presentation for web viewing -- Customizing PowerPoint aPresentation graphics softwarev  aMicrosoft PowerPoint (Computer file) aPreppernau, Joan